<?xml version="1.0" encoding="UTF-8"?>
<record
    xmlns:xsi="http://www.w3.org/2001/XMLSchema-instance"
    xsi:schemaLocation="http://www.loc.gov/MARC21/slim http://www.loc.gov/standards/marcxml/schema/MARC21slim.xsd"
    xmlns="http://www.loc.gov/MARC21/slim">

  <leader>02102cam a22002775a 4500</leader>
  <controlfield tag="001">014845505</controlfield>
  <controlfield tag="003">OSt</controlfield>
  <controlfield tag="005">20151208155847.0</controlfield>
  <controlfield tag="008">081023t2014    paua   frb    001 0 eng d</controlfield>
  <datafield tag="020" ind1=" " ind2=" ">
    <subfield code="a">9781451172775</subfield>
  </datafield>
  <datafield tag="020" ind1=" " ind2=" ">
    <subfield code="a">145117277X</subfield>
  </datafield>
  <datafield tag="040" ind1=" " ind2=" ">
    <subfield code="a">StDuBDS</subfield>
    <subfield code="b">eng</subfield>
    <subfield code="c">EG-ScBUE </subfield>
    <subfield code="d">Uk</subfield>
  </datafield>
  <datafield tag="082" ind1="0" ind2="4">
    <subfield code="a">610.7365</subfield>
    <subfield code="2">22</subfield>
    <subfield code="b">ELI</subfield>
  </datafield>
  <datafield tag="100" ind1="1" ind2=" ">
    <subfield code="a">Eliopoulos, Charlotte.</subfield>
    <subfield code="9">38878</subfield>
  </datafield>
  <datafield tag="245" ind1="1" ind2="0">
    <subfield code="a">Gerontological nursing /</subfield>
    <subfield code="c">Charlotte Eliopoulos.</subfield>
  </datafield>
  <datafield tag="250" ind1=" " ind2=" ">
    <subfield code="a">8th ed.</subfield>
  </datafield>
  <datafield tag="260" ind1=" " ind2=" ">
    <subfield code="a">Philadelphia :</subfield>
    <subfield code="b">Wolters Kluwer / Lippincott Williams &amp; Wilkins,</subfield>
    <subfield code="c">c.2014.</subfield>
  </datafield>
  <datafield tag="300" ind1=" " ind2=" ">
    <subfield code="a">xxv, 547 p. :</subfield>
    <subfield code="b">ill. (col.) ;</subfield>
    <subfield code="c">26 cm.</subfield>
  </datafield>
  <datafield tag="500" ind1=" " ind2=" ">
    <subfield code="a">Index : p. 531-547.</subfield>
  </datafield>
  <datafield tag="504" ind1=" " ind2=" ">
    <subfield code="a">Includes bibliographical references.</subfield>
  </datafield>
  <datafield tag="505" ind1="0" ind2=" ">
    <subfield code="a">Unit 1. Understanding the aging experience -- The aging population -- Theories of aging -- Diversity -- Life transitions and story -- Common aging changes -- Unit 2. Foundations of gerontological nursing -- The specialty of gerontological nursing -- Holistic model for gerontological nursing -- Legal aspects of gerontological nursing -- Ethical aspects of gerontological nursing -- Continuum of care in gerontological nursing -- Self-care for the gerontological nurse -- Unit 3. Fostering connection and gratification -- Sexuality and intimacy -- Spirituality -- Unit 4. General care concerns -- Nutrition and hydration -- Rest and sleep -- Comfort and pain management -- Safety -- Safe medication use -- Unit 5. Facilitation physiological balance -- Respiration -- Circulation -- Digestion and bowel elimination -- Urinary elimination -- Reproductive system health -- Movement -- Neurologic function -- Sensation -- Endocrine function -- Integumentary function -- Immune function -- Unit 6. Multisystemic disorders -- Infections -- Cancer -- Mental health disorders -- Delirium and dementia -- Unit 7. Gerontological care issues -- Living in harmony with chronic conditions -- Rehabilitative care -- Acute care -- Long-term care -- Family caregiving -- End-of-life care.</subfield>
  </datafield>
  <datafield tag="650" ind1=" " ind2="7">
    <subfield code="a">Geriatric nursing.</subfield>
    <subfield code="2">BUEsh</subfield>
    <subfield code="9">28906</subfield>
  </datafield>
  <datafield tag="651" ind1=" " ind2=" ">
    <subfield code="2">BUEsh</subfield>
  </datafield>
  <datafield tag="653" ind1=" " ind2=" ">
    <subfield code="b">NNUR</subfield>
    <subfield code="c">August2015</subfield>
    <subfield code="c">December2015</subfield>
  </datafield>
  <datafield tag="942" ind1=" " ind2=" ">
    <subfield code="2">ddc</subfield>
  </datafield>
  <datafield tag="999" ind1=" " ind2=" ">
    <subfield code="c">20602</subfield>
    <subfield code="d">20574</subfield>
  </datafield>
  <datafield tag="952" ind1=" " ind2=" ">
    <subfield code="0">0</subfield>
    <subfield code="1">0</subfield>
    <subfield code="2">ddc</subfield>
    <subfield code="4">0</subfield>
    <subfield code="7">0</subfield>
    <subfield code="8">Baccah</subfield>
    <subfield code="a">MAIN</subfield>
    <subfield code="b">MAIN</subfield>
    <subfield code="c">1ST</subfield>
    <subfield code="d">2015-08-18</subfield>
    <subfield code="e">Purchase</subfield>
    <subfield code="g">425.00</subfield>
    <subfield code="h">21764</subfield>
    <subfield code="l">3</subfield>
    <subfield code="m">8</subfield>
    <subfield code="o">610.7365 ELI</subfield>
    <subfield code="p">000030825</subfield>
    <subfield code="r">2025-07-15 00:00:00</subfield>
    <subfield code="s">2023-10-01</subfield>
    <subfield code="v">531.00</subfield>
    <subfield code="y">BB</subfield>
  </datafield>
</record>
